000 00717nas a2200229 4500
001 BR8701944
003 BR-BrBNA
005 20231205090628.0
007 ta
008 230509b bl.|||p| |||| 00| 00por d
040 _aBR-BrBNA
_bpor
_cBiblioteca Nacional de Agricultura
041 _a(Pt)
072 _aE50
100 1 _aSilva, O.H. da
245 1 _aAlguns comentarios sobre o destino do campesinato em Marx
246 1 _aSome comments about campestral destiny by Marx
650 _aESTRUTURA SOCIAL
650 _aFAMILIA
773 0 _tRevista de Economia Rural (Brazil)
_xISSN 0100-4905
_g(Jan-Mar 1986), v. 24(1) p. 101-116
_wBR8701944
909 _a202311
_bLúcia
_c55
_dLúcia Elande
942 _2AGRIS
_n0
_cANA
999 _c119885
_d119885